GETS Theological Seminary Library

中國風土與基督教信仰  (Record no. 32336)

MARC details
000 -LEADER
fixed length control field 00607nam a2200205Ia 4500
008 - FIXED-LENGTH DATA ELEMENTS--GENERAL INFORMATION
fixed length control field 201221s9999||||xx |||||||||||||| ||und||
041 ## - LANGUAGE CODE
Language code of text/sound track or separate title chi
050 ## - LIBRARY OF CONGRESS CALL NUMBER
Classification number BT83.55
Item number .Y3 1984
100 ## - MAIN ENTRY--PERSONAL NAME
Personal name 楊森富
245 #0 - TITLE STATEMENT
Title 中國風土與基督教信仰 
Remainder of title /
Statement of responsibility, etc. 楊森富
246 ## - VARYING FORM OF TITLE
Title proper/short title 中国风土与基督教信仰
250 ## - EDITION STATEMENT
Edition statement 2nd ed.
260 ## - PUBLICATION, DISTRIBUTION, ETC.
Place of publication, distribution, etc. 高雄 :
Name of publisher, distributor, etc. 天啟,
Date of publication, distribution, etc. 1984
300 ## - PHYSICAL DESCRIPTION
Extent 6, 6, 332 p.
Other physical details ;
Dimensions 22 cm.
490 ## - SERIES STATEMENT
Series statement 中國神學論文集 
Volume/sequential designation 1
650 ## - SUBJECT ADDED ENTRY--TOPICAL TERM
Topical term or geographic name entry element China -- Religious life and customs.
650 ## - SUBJECT ADDED ENTRY--TOPICAL TERM
Topical term or geographic name entry element Christianity and culture -- China.
650 ## - SUBJECT ADDED ENTRY--TOPICAL TERM
Topical term or geographic name entry element Theology -- China.
Holdings
Withdrawn status Lost status Damaged status Not for loan Home library Current library Shelving location Date acquired Total Checkouts Full call number Barcode Date last seen Price effective from Koha item type
        GETS Theological Seminary Library GETS Theological Seminary Library General Stacks 12/21/2020   BT83.55 .Y3 1984 00020024 12/21/2020 12/21/2020 Chinese Book
OpacCredits

Contact the Librarian, GETS Library
Email: library@mygets.org









Implemented by GETS Library
(Powered by ETCA Professional Group)
GETS Theological Seminary
412 E. Rowland Street, CA 91723